| 000 | 00397nam a2200109Ia 4500 | ||
|---|---|---|---|
| 008 | 231017s9999 xx 000 0 und d | ||
| 245 | 0 | _aDynamic Interaction between Vehicles and Infrastructure Experiment (DIVINE Project) - Policy Implications | |
| 245 | 0 | _cOrg for Economic Co-operation and Development | |
| 260 | _bOrg for Economic Co-operation and Development | ||
| 300 | _c30cm | ||
| 942 | _cREP | ||
| 999 |
_c603639 _d603639 |
||